Nagauta : (Record no. 16380)
[ view plain ]
| 000 -LEADER | |
|---|---|
| fixed length control field | 00858nam a2200277 4500 |
| 001 - CONTROL NUMBER | |
| control field | 16380 |
| 003 - CONTROL NUMBER IDENTIFIER | |
| rucl marc code | BD-RjUL |
| 005 - DATE AND TIME OF LATEST TRANSACTION | |
| control field | 20211209000013.0 |
| 008 - FIXED-LENGTH DATA ELEMENTS--GENERAL INFORMATION | |
| fixed length control field | 140213r19731963ctua b 001 0 eng |
| 020 ## - INTERNATIONAL STANDARD BOOK NUMBER | |
| International Standard Book Number | 0837169003 |
| 035 ## - SYSTEM CONTROL NUMBER | |
| System control number | (BD-RjUL)16435 |
| 040 ## - CATALOGING SOURCE | |
| Original cataloging agency | DLC |
| Transcribing agency | DLC |
| Modifying agency | DLC |
| -- | BD-RjUL |
| Language of cataloging | eng |
| 041 ## - LANGUAGE CODE | |
| Language code of text/sound track or separate title | eng |
| 082 00 - DEWEY DECIMAL CLASSIFICATION NUMBER | |
| Classification number | 782.8 |
| Author mark and year | MAN 1973 |
| 100 1# - MAIN ENTRY--PERSONAL NAME | |
| Personal name | Malm, William P. |
| 9 (RLIN) | 50535 |
| 245 10 - TITLE STATEMENT | |
| Title | Nagauta : |
| Remainder of title | the heart of kabuki music / |
| Statement of responsibility, etc. | William P. Malm. |
| 260 ## - PUBLICATION, DISTRIBUTION, ETC. (IMPRINT) | |
| Place of publication, distribution, etc. | Westport, Conn. : |
| Name of publisher, distributor, etc. | Greenwood Press, |
| Date of publication, distribution, etc. | c1963 [Reprinted 1973]. |
| 300 ## - PHYSICAL DESCRIPTION | |
| Pagination | xvi, 344 p. : |
| Illustrations | ill. ; |
| Size | 23 cm. |
| 500 ## - GENERAL NOTE | |
| General note | Reprint of the ed. published by C. E. Tuttle Co., Rutland, Vt. |
| 504 ## - BIBLIOGRAPHY, ETC. NOTE | |
| Bibliography, etc | Bibliography: p. 225-229. |
| 650 #0 - SUBJECT ADDED ENTRY--TOPICAL TERM | |
| Topical term or geographic name as entry element | Music |
| Geographic subdivision | Japan |
| General subdivision | History and criticism. |
| 9 (RLIN) | 50593 |
| Topical term or geographic name as entry element | Kabuki. |
| 9 (RLIN) | 50534 |
| 942 ## - ADDED ENTRY ELEMENTS (KOHA) | |
| Source of classification or shelving scheme | Dewey Decimal Classification |
| Koha item type | Books |
| Lost status | Source of classification or shelving scheme | Damaged status | Not for loan | Collection code | Permanent Location | Current Location | Shelving location | Date acquired | Source of acquisition | Total Checkouts | Full call number | Date last seen | Copy number | Koha item type |
|---|---|---|---|---|---|---|---|---|---|---|---|---|---|---|
| Dewey Decimal Classification | Not For Loan | Non-fiction | Central Library, University of Rajshahi | Central Library, University of Rajshahi | Reading Room | 05/07/1994 | Japan Foundation | 782.8 MAN 1973 | 13/02/2014 | C-1 | Books |